000 00951nam a2200265Ia 4500
003 OSt
005 20221005105636.0
006 a|||||r|||| 00| 0
007 ta
008 221004b |||||||| |||| 00| 0 hin d
020 _a9789350000649 (hbk)
_c250
024 _a21944
037 _bCBS/249, 28/01/2015, Classic Book Service
_cTextual
040 _aCRL
_cCRL
_bhin
041 _2hin
_ahin
082 _aO152,6x, P9
100 _aमहाश्वेता देवी
245 0 _aखाद्य संकट की चुनौती
246 _aKhādya sankaṭ kī chunautī
260 _aनई दिल्ली
_bवाणी प्रकाशन भारत
_c2009
300 _a188पृ0
_ccm.
650 _aहिन्दी साहित्य
942 _hO152,6x, P9
_cTEXL
_2cc
999 _c1016440
_d1016440